Atletico Madrid scorers in Liga 2014-2015 - Statistics

General Stats
  • This quiz has been taken 129 times
    108 since last reset
  • The average score is 8 of 14
Answer Stats
Player Goals % Correct
Antoine Griezmann 22
97%
Jorge Koke 2
93%
Diego Godin 3
87%
Fernando Torres 3
67%
Jose Gimenez 1
64%
Mario Mandzukic 12
59%
Joao Miranda 3
55%
Arda Turan 2
53%
Tiago 5
53%
Saul Niguez 4
40%
Raul Garcia 5
38%
Guilherme Siqueira 1
30%
Mario Suarez 1
26%
Raul Jimenez 1
17%
No matching quizzes found
Score Distribution
Percent of People with Each Score
Percentile by Number Answered
Your Score History
You have not taken this quiz since the last reset